Statistiques concernant Livre à l'auteur n°13

Cliquez ici pour prendre le quiz!

Statistiques générales

  • Ce quiz a été pris 41 fois
  • Le résultat moyen est 5 sur 16

Statistiques - réponses

Livre Auteur % Correct
Zadig ou la DestinéeVoltaire
82%
Le Nom de la roseUmberto Eco
74%
Le Petit Nicolas et les CopainsRené Goscinny
61%
David CopperfieldCharles Dickens
55%
Les Âmes mortesNicolas Gogol
47%
UlysseJames Joyce
45%
Le MurJean-Paul Sartre
45%
Le Loup des steppesHermann Hesse
29%
Le RireHenri Bergson
24%
Le Meunier d'AngibaultGeorge Sand
13%
Cinquante nuances de GreyE. L. James
11%
La SteppeAnton Tchekhov
11%
Le Fermier Gilles de HamJ. R. R. Tolkien
8%
Le Carnet d'orDoris Lessing
5%
L'Évangile selon Jésus-ChristJosé Saramago
3%
Le Chevalier des TouchesJules Barbey d'Aurevilly
3%

Distribution des résultats

Percentile by Number Answered

% des personnes avec chaque résultat

Votre développement - résultats

Vous n’avez pas pris ce quiz